Pokémon - Les attaques de Makuhita - Statistiques

Statistiques générales
  • Ce quiz a été pris 15 fois
  • Le résultat moyen est 8 sur 17
Statistiques - réponses
Niveaux Types Noms des attaques % Correct
Départ Normal Charge
83%
Niveau 40 Combat Close Combat
75%
Niveau 7 Combat Cogne
67%
Niveau 31 Combat Frappe Atlas
67%
Niveau 4 Sol Jet de Sable
67%
Niveau 19 Ténèbres Sabotage
58%
Niveau 46 Acier Tacle Lourd
58%
Niveau 25 Normal Cognobidon
50%
Niveau 43 Combat Contre
50%
Départ Normal Puissance
50%
Niveau 34 Combat Réveil Forcé
50%
Niveau 22 Combat Corps Perdu
42%
Niveau 13 Combat Forte-Paume
33%
Niveau 28 Normal Stimulant
33%
Niveau 37 Normal Ténacité
25%
Niveau 16 Normal Cyclone
17%
Niveau 10 Normal Bluff
8%
Aucun quiz correspondant
Distribution des résultats
% des personnes avec chaque résultat
Percentile par nombre de réponses
Votre historique - résultats
Vous n’avez pas pris ce quiz